000 00848nas a2200277 4500
001 BR0807606
003 BR-BrBNA
005 20231205112712.0
007 ta
008 230509b bl.|||p| |||| 00| 00por d
040 _aBR-BrBNA
_bpor
_cBiblioteca Nacional de Agricultura
041 _a(En)
072 _aF60
100 1 _aDey, S.K.
100 1 _aDey, J.
100 1 _aPatra, S.
100 1 _aPuthal, D.
245 1 _aChanges in the aintioxidantive enzyme activities and lipid peroxidation in wheat seedings exposed to cadmium and lead stress
650 _aTRIGO
650 _aBIOLOGIA VEGETAL
650 _aENZIMA
650 _aCÁDMIO
773 0 _tBrazilian Journal of Plant Physiology (Brazil)
_xISSN 1677-0420
_g(Jan-Mar 2007), v. 19(1) p. 53-60
_wBR0807606
909 _a202311
_bLúcia
_c55
_dLúcia Elande
942 _2AGRIS
_n0
_cANA
999 _c199468
_d199468